[Event "POL-chT"]
[Site "Porabka"]
[Date "1986.??.??"]
[Round "?"]
[White "Novak, Ivan"]
[Black "Dejkalo, Stefan"]
[Result "1/2-1/2"]
[WhiteElo "2290"]
[BlackElo "2450"]

1.d4 e6 2.e4 c5 3.Nf3 cxd4 4.Nxd4 a6 5.Bd3 Nf6 6.O-O Qc7 7.Qe2 d6 8.c4 g6
9.Nc3 Bg7 10.Be3 O-O 11.Rac1 Nc6 12.Nxc6 bxc6 13.b4 Nd7 14.Na4 c5 15.a3 Rb8
16.Rb1 Qc6 17.Qc2 cxb4 18.Rxb4 Rxb4 19.axb4 Ne5 20.Be2 Bb7 21.f3 f5 22.exf5 gxf5
23.Qb3 f4 24.Bf2 Rf6 25.Nc3 Rg6 26.Ne4 Qc7  1/2-1/2

[Event "FIN-ch"]
[Site "Pori"]
[Date "1986.??.??"]
[Round "?"]
[White "Westerinen, Heikki MJ"]
[Black "Pyhala, Antti"]
[Result "1/2-1/2"]
[WhiteElo "2390"]
[BlackElo "2340"]

1.e4 c5 2.Nf3 e6 3.d4 cxd4 4.Nxd4 a6 5.Bd3 Nf6 6.O-O Qc7 7.c4 d6 8.b3 g6
9.Nd2 Bg7 10.Ba3 Nbd7 11.Rc1 O-O 12.Bb1 b6 13.b4 Bb7 14.N4b3 Rfd8 15.Qe2 Rac8
16.Rfd1 Qb8 17.Bb2 Re8 18.c5 bxc5 19.bxc5 Nxc5 20.Nxc5 Rxc5 21.Rxc5 dxc5
22.Nc4 Rd8 23.Be5 Rxd1+ 24.Qxd1 Qa8 25.f3 Bc6 26.Nb6 Qb7 27.Nc4 Qb4 28.Bd3 Nd7
29.a3 Qa4 30.Qxa4 Bxa4 31.Bxg7 Kxg7 32.Nd6 a5 33.Nb7 Kf6 34.Kf2 Ne5 35.Nxc5 Nxd3+
36.Nxd3 e5 37.Ke3 Bb5 38.Kd2 Ke6 39.Nc5+ Ke7 40.g3 g5  1/2-1/2

[Event "BUL-DDR"]
[Site "Sofia"]
[Date "1986.??.??"]
[Round "2"]
[White "Vogt, Lothar"]
[Black "Velikov, Petar"]
[Result "1-0"]
[WhiteElo "2460"]
[BlackElo "2435"]

1.e4 c5 2.Nf3 e6 3.d4 cxd4 4.Nxd4 a6 5.Bd3 Nf6 6.O-O Qc7 7.Kh1 d6 8.c4 g6
9.Nc3 Bg7 10.Be3 O-O 11.Rc1 Nbd7 12.b3 b6 13.f3 Bb7 14.Qd2 Rac8 15.Rfd1 Qb8
16.Bf1 Rfd8 17.Bg5 Nf8 18.Nde2 Rd7 19.Qf4 Ne8 20.Qe3 Ba8 21.Nd4 Rdc7 22.f4 e5
23.fxe5 dxe5 24.Nf3 Rd7 25.Bh6 Nf6 26.Bxg7 Kxg7 27.Nd5 Bxd5 28.cxd5 Rxc1
29.Rxc1 b5 30.Rc6 Rd6 31.Nxe5 Rxc6 32.Nxc6 Qxh2+ 33.Kxh2 Ng4+ 34.Kg3 Nxe3
35.Bd3 Nd7 36.Kf3 Nd1 37.a4 bxa4 38.bxa4 Nc5 39.Bc2 Nb2 40.a5 Nc4 41.e5 Nb7
42.Bd3 Nbxa5 43.Nxa5 Nxa5 44.Bxa6 Kf8 45.Ke4 Nb3 46.Bb5 h5 47.d6 Nc5+ 48.Kd5 Ne6
49.Ba4 h4 50.Kc6 g5 51.Bb3 Nd4+ 52.Kc7 Nb5+ 53.Kc8 g4 54.Ba4 h3 55.d7 Na7+
56.Kc7  1-0

[Event "Solingen"]
[Site "Solingen"]
[Date "1986.??.??"]
[Round "?"]
[White "Short, Nigel D"]
[Black "Capelan, Guenter"]
[Result "1/2-1/2"]
[WhiteElo "2615"]
[BlackElo "2425"]

1.e4 c5 2.Nf3 e6 3.d4 cxd4 4.Nxd4 a6 5.Bd3 Nc6 6.Nxc6 dxc6 7.Nd2 e5 8.Nc4 Nf6
9.O-O Qc7 10.a4 Be6 11.Qf3 Bc5 12.Qg3 Nd7 13.a5 f6 14.Kh1 g5 15.Be3 h5 16.Bxc5 Nxc5
17.Nb6 Rd8 18.Rad1 h4 19.Qe3 Nxd3 20.Rxd3 Rxd3 21.Qxd3 h3 22.g3 Ke7 23.Rd1 Bg4
24.Qa3+ Kf7 25.Qb3+ Kg6 26.f3 Rd8 27.Rf1 Bc8 28.Qc3 Be6 29.Kg1 Qd6 30.g4 Qd2
31.Qxd2 Rxd2 32.Rf2 Rd1+ 33.Rf1  1/2-1/2

[Event "Solingen"]
[Site "Solingen"]
[Date "1986.??.??"]
[Round "?"]
[White "Westerinen, Heikki MJ"]
[Black "Sunye Neto, Jaime"]
[Result "1/2-1/2"]
[WhiteElo "2410"]
[BlackElo "2515"]

1.e4 c5 2.Nf3 e6 3.d4 cxd4 4.Nxd4 a6 5.Bd3 d6 6.O-O Nf6 7.c4 Be7 8.Nc3 O-O
9.Kh1 Nc6 10.Nxc6 bxc6 11.b3 e5 12.Bb2 Nd7 13.Na4 Nb6 14.Nxb6 Qxb6 15.Qc2 Be6
16.c5 Qxc5 17.Qxc5 dxc5 18.Bxe5 Rfd8 19.Rfd1 a5 20.Bc4 Bxc4 21.bxc4 Bf6 22.Bxf6 gxf6
23.Kg1 Rab8 24.Rxd8+ Rxd8 25.f3 Rd4 26.Rb1 Rxc4  1/2-1/2

[Event "Solingen"]
[Site "Solingen"]
[Date "1986.??.??"]
[Round "?"]
[White "Ostermeyer, Peter"]
[Black "Capelan, Guenter"]
[Result "1-0"]
[WhiteElo "2455"]
[BlackElo "2425"]

1.e4 c5 2.Nf3 e6 3.d4 cxd4 4.Nxd4 a6 5.Bd3 Nc6 6.Nxc6 dxc6 7.O-O e5 8.f4 Nf6
9.Kh1 Bc5 10.f5 b5 11.a4 Bb7 12.Bg5 h6 13.Bh4 Be7 14.Nd2 O-O 15.Nb3 Nd7 16.Bf2 Qc7
17.Qe2 Rac8 18.c4 bxa4 19.Rxa4 c5 20.Ra5 Qb6 21.Bc2 Nb8 22.f6 Qxf6 23.Nxc5 Ba8
24.b4 Qc6 25.Rfa1 Qc7 26.Bb3 Nc6 27.Nxa6 Qb7 28.Rb5 Qd7 29.Rd5 Qe6 30.Nc5 Bxc5
31.Bxc5 Nd4 32.Bxd4 exd4 33.Rxd4 Rfe8 34.Re1 Qe5 35.Qd2 Kh8 36.c5 f5 37.Rd6 Kh7
38.Bf7 Bxe4 39.Bg6+ Kh8 40.Bxe8 Rxe8 41.Rd8 Kh7 42.Rxe8 Qxe8 43.Kg1 Qc6 44.h4 Qf6
45.h5 Qh4 46.Qe2 Bd3 47.Qd2 Qd4+ 48.Re3 Qa1+ 49.Kh2 Be4 50.Rg3 Qf6 51.Qf4 Qf7
52.Rg6 Qe7 53.c6 Qxb4 54.c7 Qf8 55.Qd6 Qg8 56.Rxh6+ gxh6 57.Qd7+  1-0

[Event "BCF-ch"]
[Site "Southampton"]
[Date "1986.??.??"]
[Round "8"]
[White "Lawton, Geoffrey W"]
[Black "Pritchett, Craig William"]
[Result "1-0"]
[WhiteElo "2365"]
[BlackElo "2400"]

1.e4 c5 2.Nf3 e6 3.d4 cxd4 4.Nxd4 a6 5.Bd3 Nf6 6.O-O d6 7.c4 g6 8.Nc3 Bg7
9.Kh1 O-O 10.f4 Nbd7 11.Nf3 Qc7 12.Be3 b6 13.Nd2 Bb7 14.Be2 Rad8 15.Bf3 Nc5
16.Qc2 Rc8 17.Rac1 Rfd8 18.Qb1 Qb8 19.Bf2 Ba8 20.Rfd1 h5 21.Bh4 Re8 22.f5 Ncd7
23.fxg6 fxg6 24.e5 Nxe5 25.Bxa8 Qxa8 26.Bxf6 Bxf6 27.Nde4 Be7 28.Nxd6 Bxd6
29.Rxd6 Rxc4 30.Re1 Rg4 31.Ne4 Kh8 32.h3 Rf4 33.Rxb6 Qd8 34.Rxa6 Qd3 35.Qxd3 Nxd3
36.Re3 Nxb2 37.Ng5 Nd1 38.Rb3 Nf2+ 39.Kh2 Rf5 40.Rxe6 Rxe6 41.Nxe6 Ra5 42.Rg3 Rxa2
43.Rxg6 Ra6 44.Kg3 Nd3 45.Nf4 h4+ 46.Kh2 Rxg6 47.Nxg6+ Kg7 48.Nxh4 Kf6 49.g4 Ke5
50.Kg3 Ke4 51.Ng6 Nc5 52.h4 Kd5 53.g5 Ke4 54.Kg4 Nd3 55.h5 Nf2+ 56.Kg3 Kf5
57.Kxf2 Kxg5 58.Nf4  1-0

[Event "Tbilisi"]
[Site "Tbilisi"]
[Date "1986.??.??"]
[Round "?"]
[White "Tal, Mihail"]
[Black "Cvitan, Ognjen"]
[Result "1/2-1/2"]
[WhiteElo "2600"]
[BlackElo "2495"]

1.e4 c5 2.Nf3 e6 3.d4 cxd4 4.Nxd4 a6 5.Bd3 Nf6 6.O-O Qc7 7.c4 Nc6 8.Nxc6 dxc6
9.f4 e5 10.f5 Bc5+ 11.Kh1 h5 12.Nc3 Ng4 13.Qf3 Qd8  1/2-1/2

[Event "Vienna op"]
[Site "Vienna"]
[Date "1986.??.??"]
[Round "?"]
[White "Chandler, Murray G"]
[Black "Gheorghiu, Florin"]
[Result "1/2-1/2"]
[WhiteElo "2535"]
[BlackElo "2525"]

1.e4 c5 2.Nf3 e6 3.d4 cxd4 4.Nxd4 a6 5.Bd3 Nf6 6.O-O d6 7.c4 Be7 8.Nc3 O-O
9.Kh1 Nc6 10.Nxc6 bxc6 11.b3 Nd7 12.Bb2 c5 13.f4 Bb7 14.Bc2 Qc7 15.Qg4 Bf6
16.Rf3 Bd4 17.Rh3 Qd8 18.Rd1 g6 19.Bc1 f5 20.Qg3 Qe7 21.Bd2 Rae8  1/2-1/2

[Event "Vrnjacka Banja"]
[Site "Vrnjacka Banja"]
[Date "1986.??.??"]
[Round "?"]
[White "Matulovic, Milan"]
[Black "Tringov, Georgi P"]
[Result "1-0"]
[WhiteElo "2485"]
[BlackElo "2475"]

1.e4 c5 2.Nf3 e6 3.d4 cxd4 4.Nxd4 a6 5.Bd3 Nf6 6.O-O d6 7.c4 b6 8.Nc3 Bb7
9.f4 Be7 10.Kh1 Nc6 11.Nxc6 Bxc6 12.Qe2 O-O 13.b3 Qc7 14.Bb2 Rad8 15.Rad1 g6
16.Bb1 Nh5 17.Rd3 e5 18.fxe5 dxe5 19.Rxd8 Rxd8 20.Nd5 Bxd5 21.cxd5 a5 22.Rc1 Bc5
23.g3 Ng7 24.Bd3 Ne8 25.Bb5 h5 26.Rf1 Kg7 27.Qf3 Bd4 28.Bxd4 exd4 29.Qf2 Qe7
30.Qxd4+ Kg8 31.e5 Ng7 32.Bc4 Ne6 33.Qxb6 Qc5 34.Qxc5 Nxc5 35.d6 Rd7 36.Bd5  1-0

[Event "Zenica"]
[Site "Zenica"]
[Date "1986.??.??"]
[Round "2"]
[White "Zapata, Alonso"]
[Black "Cvitan, Ognjen"]
[Result "0-1"]
[WhiteElo "2495"]
[BlackElo "2465"]

1.e4 c5 2.Nf3 e6 3.d4 cxd4 4.Nxd4 a6 5.Bd3 Nf6 6.O-O Qc7 7.c4 Nc6 8.Nxc6 dxc6
9.Be3 e5 10.f3 Nd7 11.Qd2 Bc5 12.b4 Bxe3+ 13.Qxe3 a5 14.b5 Qd6 15.Nc3 Qc5
16.Qf2 Qxf2+ 17.Rxf2 Nc5 18.Bc2 Be6 19.Na4 Nxa4 20.Bxa4 c5 21.Rd2 Ke7 22.b6 Rhd8
23.Rad1 Rd4 24.Rxd4 exd4 25.Bb5 a4 26.e5 Bd7 27.Rb1 Ra5 28.Bxd7 Kxd7 29.f4 a3
30.f5 Ra4 31.Rb3 g6 32.g4 gxf5 33.gxf5 Rxc4 34.Rxa3 Rc3 35.e6+ fxe6 36.fxe6+ Kxe6
37.Ra7 d3 38.Kf2 d2 39.Ke2 Rd3 40.Kd1 c4 41.Rxb7 c3 42.Rc7 Re3  0-1

[Event "Zenica"]
[Site "Zenica"]
[Date "1986.??.??"]
[Round "10"]
[White "Terzic, Safet"]
[Black "Kobas, Adnan"]
[Result "1/2-1/2"]
[WhiteElo "2345"]
[BlackElo "2320"]

1.e4 c5 2.Nf3 e6 3.d4 cxd4 4.Nxd4 a6 5.Bd3 Nc6 6.Nxc6 dxc6 7.O-O e5 8.Nd2 Nf6
9.Nc4 Nd7 10.a4 Bc5 11.Be3 Qe7 12.Qe2 O-O 13.Rfd1 Rd8 14.a5 Nf8  1/2-1/2

[Event "Zenica"]
[Site "Zenica"]
[Date "1986.??.??"]
[Round "11"]
[White "Mokry, Karel"]
[Black "Cvitan, Ognjen"]
[Result "1/2-1/2"]
[WhiteElo "2520"]
[BlackElo "2465"]

1.e4 c5 2.Nf3 e6 3.d4 cxd4 4.Nxd4 a6 5.Bd3 Nf6 6.f4 d6 7.c4 g6 8.Nc3 Bg7
9.Nf3 Qb6 10.Qe2 O-O 11.Be3 Qc7 12.O-O Nbd7 13.Rad1 b6 14.Bb1 Bb7 15.Kh1 Rad8
16.Rd2 Nc5  1/2-1/2

[Event "Altensteig"]
[Site "Altensteig"]
[Date "1987.??.??"]
[Round "?"]
[White "Wahls, Matthias"]
[Black "Farago, Ivan"]
[Result "1/2-1/2"]
[WhiteElo "2440"]
[BlackElo "2535"]

1.e4 c5 2.Nf3 e6 3.d4 cxd4 4.Nxd4 a6 5.Bd3 Bc5 6.Nb3 Ba7 7.Qe2 Nc6 8.Be3 Bxe3
9.Qxe3 e5 10.Nc3 Nge7 11.O-O-O d6 12.Bc4 b5 13.Bd5 Nxd5 14.Nxd5 Be6 15.f4 O-O
16.Kb1 exf4 17.Qxf4 Ne5 18.Rd4 Ra7 19.Rhd1 Rd7 20.Qg3  1/2-1/2

[Event "Altensteig"]
[Site "Altensteig"]
[Date "1987.??.??"]
[Round "?"]
[White "Wahls, Matthias"]
[Black "Bischoff, Klaus"]
[Result "1/2-1/2"]
[WhiteElo "2440"]
[BlackElo "2485"]

1.e4 e6 2.d4 c5 3.Nf3 cxd4 4.Nxd4 a6 5.Bd3 Nf6 6.O-O d6 7.c4 Bd7 8.Nc3 Nc6
9.Nxc6 Bxc6 10.f4 Be7 11.Qe2 O-O 12.Kh1 Nd7 13.b3 Bf6 14.Bb2 Qb8 15.a4 g6
16.Rad1 Bg7 17.Bb1 Rd8 18.Rf3 Qc7 19.Rh3 Nf6 20.Ba3 Rd7 21.Rhd3 Rad8 22.Rc1 Qb8
23.Rcd1 Qc7 24.Rc1 Qb8 25.Rcd1  1/2-1/2

[Event "Banja Luka"]
[Site "Banja Luka"]
[Date "1987.??.??"]
[Round "7"]
[White "Sibarevic, Milenko"]
[Black "Hulak, Krunoslav"]
[Result "1/2-1/2"]
[WhiteElo "2405"]
[BlackElo "2540"]

1.e4 c5 2.Nf3 e6 3.d4 cxd4 4.Nxd4 a6 5.Bd3 Nf6 6.Qe2 d6 7.O-O Nbd7 8.c4 g6
9.b3 Qc7 10.Bb2 Bg7 11.Nc3 O-O 12.Rad1 b6 13.Bb1 Bb7 14.Kh1 Rad8 15.Nc2 Nxe4
16.Nxe4 Bxe4 17.Bxg7 Bxc2 18.Bxf8 Bxd1 19.Bxd6 Bxe2 20.Bxc7 Rc8 21.Re1 Bxc4
22.Bd6 Bd5 23.f3 f6 24.Kg1 Kf7 25.Kf2 Rc6 26.Ba3 h5 27.h4 a5 28.Rd1 f5 29.Ke3 b5
30.Bb2 a4 31.b4 Nb6 32.Kf4 Nc4 33.Bd4 Na3 34.Bd3 Bc4 35.Bc5 Rc7 36.Bxc4 bxc4
37.Rc1 Rd7 38.Rc3 Nb5 39.Rxc4 Rd2 40.g3 Kf6 41.Ke3 Rxa2 42.Bd4+ Nxd4 43.Kxd4 Rb2
44.Kc5 a3 45.b5 a2 46.Ra4 g5 47.b6 f4 48.hxg5+ Kg6 49.gxf4 h4 50.b7 Rxb7
51.Rxa2 Rf7 52.Kd4 Rxf4+ 53.Ke3 Kxg5 54.Ra5+ Rf5 55.f4+ Kg4 56.Ra8 Rh5 57.Ke4 Kg3
58.Ra3+ Kg4 59.Ra8 Kh3 60.Ra6 Rh6 61.Ra1 Kg2 62.Ra2+ Kg3 63.Ra3+ Kg4 64.Ra1 Rg6
65.Rg1+ Kh5 66.Rh1 Rg3 67.f5 exf5+ 68.Kf4 Ra3 69.Kxf5 h3 70.Kf4 Kh4 71.Rh2 Ra7
72.Rf2 Ra4+ 73.Kf3 Ra3+ 74.Kf4 Rg3 75.Ra2 Rg6 76.Rf2 Rg5 77.Kf3 Rg4 78.Ra2 Rg3+
79.Kf4 Rg1 80.Rf2 Re1 81.Kf3  1/2-1/2

[Event "Banja Vrucica"]
[Site "Banja Vrucica"]
[Date "1987.??.??"]
[Round "5"]
[White "Ilijin, Neboisa"]
[Black "Palos, Osman"]
[Result "0-1"]
[WhiteElo "2270"]
[BlackElo "2440"]

1.e4 c5 2.Nf3 e6 3.d4 cxd4 4.Nxd4 a6 5.Bd3 Qc7 6.O-O Nc6 7.Nxc6 bxc6 8.c4 Bd6
9.f4 e5 10.f5 Bc5+ 11.Kh1 Nf6 12.Qe2 Rb8 13.Nd2 a5 14.Rb1 h5 15.Nb3 Ba7 16.Be3 a4
17.Nd2 Ng4 18.Bxa7 Qxa7 19.Nf3 d6 20.h3 Qc5 21.g3 Nf6 22.Kg2 Ke7 23.Qd2 Ba6
24.b4 axb3 25.axb3 Qb4 26.Qe3 c5 27.Bc2 Bb7 28.Ra1 Ra8 29.Rfd1 Rhd8 30.Kf2 Bc6
31.Nd2 Ra5 32.Rxa5 Qxa5 33.Nb1 Qa2 34.Rd2 Qa1 35.Kf3 Rb8 36.Qc3 Qa8 37.Qe3 Bxe4+
38.Bxe4 Nxe4 39.Rd5 Nf6 40.Nd2 Nxd5 41.cxd5 Qxd5+  0-1

[Event "Berlin op"]
[Site "Berlin-West"]
[Date "1987.??.??"]
[Round "?"]
[White "Friedrich, Norbert"]
[Black "Ionescu, Constantin"]
[Result "0-1"]
[WhiteElo "2315"]
[BlackElo "2475"]

1.e4 c5 2.Nf3 e6 3.d4 cxd4 4.Nxd4 a6 5.Bd3 Nf6 6.O-O d6 7.c4 b6 8.Nc3 Bb7
9.f4 g6 10.Nf3 Bg7 11.f5 O-O 12.Bg5 Nbd7 13.Qd2 Qc7 14.Rae1 Rae8 15.Kh1 Re7
16.Qf2 exf5 17.exf5 Rxe1 18.Rxe1 Re8 19.Rxe8+ Nxe8 20.Qe2 Nef6 21.h3 Nc5
22.Bc2 Bc6 23.Bf4 Qd7 24.fxg6 hxg6 25.Bh2 Bb7 26.Qd1 Nfe4 27.Nxe4 Nxe4 28.Bxe4 Bxe4
29.Qxd6 Qxd6 30.Bxd6 Bxb2 31.Bc7 Bb1 32.a4 Bc2 33.Bxb6 Bxa4 34.c5 Bc3 35.Bc7 f6
36.Bb6 Bc6 37.Kg1 a5 38.Kf2 a4 39.Ke3 a3  0-1

[Event "Berlin op"]
[Site "Berlin-West"]
[Date "1987.??.??"]
[Round "?"]
[White "Ermenkov, Evgenij"]
[Black "Liberzon, Vladimir M"]
[Result "0-1"]
[WhiteElo "2460"]
[BlackElo "2455"]

1.e4 c5 2.Nf3 e6 3.d4 cxd4 4.Nxd4 a6 5.Bd3 Nf6 6.O-O d6 7.c4 Be7 8.Nc3 O-O
9.b3 b6 10.Bb2 Bb7 11.Qe2 Nc6 12.Nxc6 Bxc6 13.Rae1 Nd7 14.f4 Bf6 15.Kh1 Bd4
16.Rd1 e5 17.Bb1 Nf6 18.Qf3 Re8 19.Rd2 Ra7 20.Rfd1 Qa8 21.Rxd4 exd4 22.Rxd4 Rae7
23.Qg3 g6 24.h3 Nxe4 25.Bxe4 Bxe4 26.Rxe4 Rxe4 27.Nd5 Re2 28.Bc3 Qxd5 29.cxd5 R2e3
30.Qf2 Rxc3 31.Qxb6 Rc2 32.f5 gxf5 33.Qxd6 Rxa2 34.Qc6 Ree2 35.d6 Rxg2 36.d7 Rgd2
37.Qc8+ Kg7 38.Qc3+ f6 39.Qg3+ Kf7  0-1

[Event "Bern"]
[Site "Bern"]
[Date "1987.??.??"]
[Round "?"]
[White "Gast, Jonathan"]
[Black "Szabo, Laszlo"]
[Result "0-1"]
[WhiteElo "2325"]
[BlackElo "2450"]

1.e4 c5 2.Nf3 e6 3.d4 cxd4 4.Nxd4 a6 5.Bd3 Nf6 6.O-O Qc7 7.c4 Nc6 8.Nxc6 dxc6
9.Be3 e5 10.f3 Nd7 11.Nc3 Bc5 12.Bxc5 Nxc5 13.Rf2 Be6 14.Bf1 a5 15.Qd2 O-O
16.Qe3 b6 17.Rd2 f6 18.Rad1 Rad8 19.Kf2 Kf7 20.g3 Bc8 21.f4 Ne6 22.Rxd8 Rxd8
23.Rxd8 Qxd8 24.Na4 Nd4 25.c5 b5 26.Nb6 Be6 27.f5 Bxa2 28.Qa3 Bb1  0-1

[Event "Biel schev"]
[Site "Biel"]
[Date "1987.??.??"]
[Round "?"]
[White "Gobet, Fernand"]
[Black "Cramling, Pia"]
[Result "0-1"]
[WhiteElo "2355"]
[BlackElo "2455"]

1.e4 c5 2.Nf3 e6 3.d4 cxd4 4.Nxd4 a6 5.Bd3 Nf6 6.O-O Qc7 7.c4 Nc6 8.Nxc6 dxc6
9.Nc3 e5 10.h3 Bc5 11.Na4 Bd4 12.c5 Be6 13.Qe2 Rd8 14.Bg5 Qe7 15.Qc2 h6 16.Bd2 Nh5
17.Bc4 O-O 18.Rad1 Qh4 19.Bxe6 fxe6 20.Be3 Nf4 21.Nb6 Qg5 22.Bxf4 exf4 23.Kh2 f3
24.g3 h5 25.h4 Qe5 26.Kh3 Kh8 27.b4 Qf6 28.Nc4 Qg6 29.Qd2 Qg4+ 30.Kh2 Bf6
31.Qf4 Qxf4 32.gxf4 Bxh4 33.Rxd8 Bxd8 34.Kg3 g5 35.fxg5 Bxg5 36.Rh1 h4+ 37.Kg4 Be7
38.Ne5 Kg7 39.Nxf3 Rd8 40.Nxh4 Rd4 41.f3 Rxb4 42.Ng2 Bxc5 43.Nf4 Be3 44.Nxe6+ Kf6
45.Nf4 Ra4 46.Rh7 b5 47.e5+ Kxe5 48.Re7+ Kd4 49.Re4+ Kc5 50.Rxe3 Rxa2 51.Ne2 b4
52.Nc1 Rg2+ 53.Kf4 a5 54.Ke4 a4 55.f4 Kc4 56.f5 b3 57.Nd3 b2 58.Nxb2+ Rxb2
59.Re1 a3 60.Rc1+ Kb5 61.Ra1 Kb4 62.Ke3 a2 63.f6 Ka3 64.Rc1 Rb3+ 65.Kd2 Rf3
66.Kc2 Rxf6 67.Rh1 Rf2+ 68.Kc3 Rb2 69.Rh8 Rb3+ 70.Kc2 Rc3+  0-1

[Event "Noviki-A"]
[Site "Budapest"]
[Date "1987.??.??"]
[Round "?"]
[White "Horvath, Jozsef"]
[Black "Farago, Ivan"]
[Result "1/2-1/2"]
[WhiteElo "2465"]
[BlackElo "2475"]

1.e4 c5 2.Nf3 e6 3.d4 cxd4 4.Nxd4 a6 5.Bd3 Bc5 6.Nb3 Ba7 7.O-O Nc6 8.Qg4 Nf6
9.Qxg7 Rg8 10.Qh6 Rg6 11.Qh3 e5 12.Qh4 Rg4 13.Qh6 Rg6 14.Qh4 Rg4 15.Qh6 Rg6  1/2-1/2

[Event "Dortmund-B"]
[Site "Dortmund"]
[Date "1987.??.??"]
[Round "?"]
[White "Doery, Jeno"]
[Black "Konikowski, Jerzy"]
[Result "1-0"]
[WhiteElo "2375"]
[BlackElo "2400"]

1.e4 c5 2.Nf3 e6 3.d4 cxd4 4.Nxd4 a6 5.Bd3 g6 6.O-O Bg7 7.c3 Ne7 8.Bg5 h6
9.Bh4 e5 10.Nc2 g5 11.Bg3 h5 12.f3 d6 13.Nba3 Nbc6 14.Nc4 b5 15.N4e3 Rb8
16.Qe2 Qc7 17.a3 Bf6 18.Nb4 Nxb4 19.axb4 Kf8 20.Bc2 Kg7 21.Bb3 Bb7 22.Rfd1 Rhd8
23.Bf2 Ra8 24.Nd5 Nxd5 25.Bxd5 Be7 26.Be3 Rdb8 27.Bxb7 Qxb7 28.Qf2 h4 29.Rd3 Qc7
30.Qd2 f6 31.Ra5 Qc4 32.Rd5 Kg6 33.Kf2 Rc8 34.h3 Rf8 35.Ra1 Qc8 36.Qe2 Qc6
37.Qd3 Kf7 38.Qd1 Ke6 39.Qb3 Kd7 40.Rad1 Kc8 41.Qa2 Kb7 42.R5d3 Rfc8 43.Qe6 Re8
44.Qf7 Qc4 45.Rd5 Rac8 46.b3 Qc7 47.Rc1 Qd7 48.Rdd1 Rc7 49.c4 bxc4 50.bxc4 Kb8
51.Qd5 Qc6 52.Qd3 Rb7 53.Rb1 Rc8 54.Rdc1 Bd8 55.b5 axb5 56.cxb5 Qd7 57.Rxc8+ Kxc8
58.b6 Kb8 59.Qa6 Qc6 60.Rc1 Qxc1 61.Bxc1 Bxb6+ 62.Be3  1-0

[Event "Dortmund-B"]
[Site "Dortmund"]
[Date "1987.??.??"]
[Round "?"]
[White "Ostojic, Predrag"]
[Black "Konikowski, Jerzy"]
[Result "1/2-1/2"]
[WhiteElo "2385"]
[BlackElo "2400"]

1.e4 c5 2.Nf3 e6 3.d4 cxd4 4.Nxd4 a6 5.Bd3 Nf6 6.O-O d6 7.c4 b6 8.Nc3 Bb7
9.f4 Nbd7 10.Qe2 Qc7 11.Nf3 e5 12.f5 Be7 13.Bd2 Nc5 14.Bc2 O-O 15.Rac1 Rfc8
16.b4 Ncd7 17.Bd3 Qd8 18.Kh1 a5 19.a3 axb4 20.axb4 Ra3 21.Rfe1 g6 22.fxg6 hxg6
23.Nd5 Nxd5 24.cxd5 Nf6 25.Bb5 Rxc1 26.Rxc1 Bc8 27.h3 Kg7 28.Kg1 Nh5 29.Kh2 Qh8
30.Rc7 Bf6 31.Bd7 Qd8 32.Rxc8 Qxd7 33.Rc6 Bd8 34.Bc1 Ra8 35.Be3 Ra3 36.Bc1 Ra8
37.Qc2 b5 38.Qe2 Rb8 39.Be3 Nf6 40.Bg5 Ne8 41.Qf2 f6 42.Be3 Rc8 43.Qc2 Rxc6
44.dxc6 Qc8 45.Nd2 Qa6 46.Nb3 Qa4 47.Qc3 Bc7 48.Bd2 Kf7 49.Qd3 Ke7 50.Qd5 Qa6
51.Be3 Bb6 52.Nc5 Qc8 53.Qg8 dxc5 54.bxc5 Ba5 55.Qh7+ Kd8 56.Qxg6 Qc7 57.h4 Qg7
58.Qf5 Be1 59.h5 Ke7 60.Qh3 Kf8 61.h6 Qh7 62.c7 Nxc7 63.c6 Bb4 64.Bb6 Ne8
65.c7 Nxc7 66.Bxc7 Be7 67.Bb6 b4 68.Be3 Kf7 69.Bd2 Kf8 70.Qc8+ Kf7 71.Qc4+ Kf8
72.Qc8+ Kf7 73.Qb7 Qg6 74.Kg1 Qh5 75.Bxb4 Qd1+ 76.Kh2 Qh5+ 77.Kg3 Qg5+ 78.Kf3 Qf4+
79.Ke2 Qg4+ 80.Kd3 Qd1+ 81.Bd2 Qf1+ 82.Kc2 Qc4+ 83.Kb2 Qd4+ 84.Bc3 Qd6 85.Kc2 Kg6
86.Bd2 Bf8 87.h7 Qc5+ 88.Kd3 Bg7 89.Be3 Qa3+ 90.Ke2 Kxh7 91.Qf7 Qa6+ 92.Kf2 Qc8
93.Kf3 Qa6 94.Qd7 Qf1+ 95.Bf2 Kg6 96.Qf5+ Kf7 97.Qh5+ Kg8 98.Qg6 Qd1+ 99.Kg3 Qd2
100.Bb6 Qe1+ 101.Kg4 Qd1+ 102.Kh4 Qh1+ 103.Kg3 Qe1+ 104.Bf2 Qd2 105.Qf5 Kf7
106.Kg4 Qd1+ 107.Kh4 Qh1+ 108.Qh3 Qd1 109.Qf5 Qh1+ 110.Qh3 Qd1 111.Be3 Qe1+
112.Kh5 Qd1+ 113.g4 Bf8 114.Qg2 Qd7 115.Qa2+ Ke8 116.Qa8+ Kf7 117.Qa6 Qe8
118.Kh4 Qe6 119.Qb7+ Kg6 120.Qa8 Qe7 121.Qc6 Qh7+ 122.Kg3 Qf7 123.Qc8 Qb3
124.Qf5+ Kg7 125.Qf3 Qf7 126.Qh1 Kg8 127.Qd1 Kg7 128.Kf3 Kg6 129.Qd8 Qe7
130.Qc8 Kg7 131.g5 fxg5 132.Kg4 Kf7 133.Qf5+ Ke8 134.Kg3 Qd6 135.Bxg5 Be7
136.Be3 Qf6 137.Qh5+ Kd7 138.Kg2 Qg7+ 139.Kh3 Qf6 140.Kg2 Qg7+ 141.Kh2 Qf6
142.Qg4+ Ke8 143.Qg8+ Kd7 144.Kg2 Qe6 145.Qg7 Qf6 146.Qh7 Kc6 147.Bf2 Qe6
148.Qg7 Qf6 149.Qh7 Qe6 150.Qh5 Bd6 151.Qe2 Bc7 152.Qd3 Qf6 153.Bg3 Qd6 154.Qb3 Kd7
155.Kf3 Qf6+ 156.Kg2 Qd6 157.Qa2 Kc8 158.Qg8+ Kb7 159.Bf2 Qd2 160.Qh7 Qe2
161.Qf5 Qd2 162.Kf1 Qc1+ 163.Kg2 Qd2 164.Qf7 Qg5+ 165.Bg3  1/2-1/2

[Event "Dortmund-B"]
[Site "Dortmund"]
[Date "1987.??.??"]
[Round "?"]
[White "Mainka, Gregor"]
[Black "Konikowski, Jerzy"]
[Result "0-1"]
[WhiteElo "2305"]
[BlackElo "2400"]

1.e4 c5 2.Nf3 e6 3.d4 cxd4 4.Nxd4 a6 5.Bd3 Nf6 6.O-O d6 7.c4 b6 8.Nc3 Bb7
9.Qe2 Nbd7 10.b3 g6 11.Bb2 Bg7 12.Rad1 O-O 13.Bb1 Qc7 14.f4 Rfe8 15.Nf3 Rad8
16.Rd2 Nh5 17.Qf2 f5 18.exf5 exf5 19.Nd5 Bxd5 20.Rxd5 Bxb2 21.Qxb2 Nxf4 22.Rd2 Ne5
23.Nd4 Ne6 24.Nxe6 Rxe6 25.h3 Rde8 26.Rd5 Nd7 27.Qc3 Nf6 28.Rd4 Re3 29.Qd2 R8e6
30.Rd1 Qc5 31.b4 Qe5 32.Rf1 Re1 33.Qf2 Rxf1+ 34.Kxf1 Qh2  0-1

[Event "Dortmund op"]
[Site "Dortmund"]
[Date "1987.??.??"]
[Round "9"]
[White "Wessendorf, Thomas"]
[Black "Lenz, Thomas"]
[Result "0-1"]
[WhiteElo "2280"]
[BlackElo "2290"]

1.e4 c5 2.Nf3 e6 3.d4 cxd4 4.Nxd4 a6 5.Bd3 Nf6 6.O-O d6 7.c4 Be7 8.b3 b6
9.Bb2 Bb7 10.Qe2 Nc6 11.Nxc6 Bxc6 12.Nc3 O-O 13.Kh1 Nd7 14.Rad1 Re8 15.f4 Qc7
16.Bb1 Rad8 17.Qc2 Ba8 18.e5 g6 19.exd6 Bxd6 20.Ne4 Bxe4 21.Qxe4 Be7 22.Qf3 Bf8
23.Qc3 e5 24.fxe5 Bg7 25.Qh3 Bxe5 26.Bxe5 Nxe5 27.Be4 Rxd1 28.Rxd1 Nxc4 29.Qf3 Nd2
30.Rxd2 Rxe4 31.Rd1 Qf4 32.Qd3 Qe5 33.Rf1 Re1 34.Qxa6 Qa1  0-1

[Event "BUL-ch"]
[Site "Elenite"]
[Date "1987.??.??"]
[Round "3"]
[White "Garkov, Mitko"]
[Black "Toshkov, Tihomir"]
[Result "1-0"]
[WhiteElo "2365"]
[BlackElo "2435"]

1.e4 c5 2.Nf3 e6 3.d4 cxd4 4.Nxd4 a6 5.Bd3 Nf6 6.Nc3 Qc7 7.f4 Bc5 8.Nb3 Bb4
9.Bd2 Bxc3 10.bxc3 d6 11.O-O O-O 12.Qe1 Nbd7 13.Qh4 e5 14.c4 Re8 15.g4 b5
16.cxb5 d5 17.fxe5 Nxe4 18.Be3 axb5 19.Rxf7 Kxf7 20.Qh5+ Ke7 21.Bg5+ Nxg5
22.Qxg5+ Kf7 23.Rf1+ Kg8 24.Bxh7+ Kxh7 25.Qh5+ Kg8 26.Qxe8+ Kh7 27.Qh5+ Kg8
28.Qf7+ Kh7 29.Rf3 Qb6+ 30.Kg2 Qh6 31.Rh3  1-0

[Event "BUL-ch"]
[Site "Elenite"]
[Date "1987.??.??"]
[Round "9"]
[White "Dimitrov, Vladimir"]
[Black "Ninov, Kiril"]
[Result "0-1"]
[WhiteElo "2445"]
[BlackElo "2315"]

1.e4 c5 2.Nf3 e6 3.d4 cxd4 4.Nxd4 a6 5.Bd3 Bc5 6.Nb3 Ba7 7.Qg4 Nf6 8.Qg3 d6
9.O-O Nc6 10.Nc3 Ne5 11.Be2 h5 12.Bg5 b5 13.a3 Bb7 14.Rad1 Kf8 15.Kh1 Qc7
16.f4 Neg4 17.e5 Ne3 18.exd6 Nxf1 19.Bxf1 Qb6 20.Be2 Rd8 21.f5 h4 22.Bxh4 e5
23.Bg5 Rxd6 24.Re1 Qf2 25.Qxf2 Bxf2 26.Rd1  0-1

[Event "Espoo"]
[Site "Espoo"]
[Date "1987.??.??"]
[Round "7"]
[White "Raaste, Eero J"]
[Black "Kivisto, Mikko"]
[Result "1/2-1/2"]
[WhiteElo "2370"]
[BlackElo "2355"]

1.e4 c5 2.Nf3 e6 3.d4 cxd4 4.Nxd4 a6 5.Bd3 Nf6 6.O-O d6 7.c4 Bd7 8.Nc3 Nc6
9.Nc2 Ne5 10.Be2 Rc8 11.Ne3 Bc6 12.f3 Be7 13.Kh1 Ng6 14.b3  1/2-1/2

[Event "Espoo"]
[Site "Espoo"]
[Date "1987.??.??"]
[Round "9"]
[White "Pyhala, Antti"]
[Black "Kivisto, Mikko"]
[Result "1-0"]
[WhiteElo "2385"]
[BlackElo "2355"]

1.e4 c5 2.Nf3 e6 3.d4 cxd4 4.Nxd4 a6 5.Bd3 Nf6 6.O-O d6 7.c4 b6 8.Nc3 Bb7
9.Qe2 Be7 10.Kh1 Nc6 11.Nxc6 Bxc6 12.f4 O-O 13.b3 Qc7 14.Bb2 Rad8 15.Rad1 g6
16.Bb1 Qb7 17.a4 Nh5 18.Rde1 Bh4 19.Rc1 e5 20.fxe5 dxe5 21.Nd5 Rfe8 22.Rc3 Bd7
23.g3 Bg5 24.h4 Bh6 25.Qf3 Bh3 26.g4 Rxd5 27.cxd5 Nf4 28.Rg1 Qe7 29.Qf2 Qd7
30.Qg3 Rc8 31.Rf3 Bg7 32.Ba3 b5 33.Rxf4 exf4 34.Qxh3 Rc3 35.Bd3 Rxb3 36.Bc5 h5
37.axb5 axb5 38.Rb1 hxg4 39.Qf1 Rxb1 40.Bxb1 g3 41.Kg2 Qg4 42.Be7 f6 43.d6 Qxh4
44.Ba2+ Kh7 45.Be6 Qh2+ 46.Kf3 Qh5+ 47.Bg4 Qe5 48.Qd3 Qb2 49.Qe2 Qe5 50.Qd2 Qa1
51.Kg2 f5 52.exf5 Bd4 53.fxg6+ Kg7 54.Bd1 Qa8+ 55.Bf3 Qa1 56.d7 Qg1+ 57.Kh3  1-0

[Event "FIN-chT"]
[Site "?"]
[Date "1987.??.??"]
[Round "?"]
[White "Rantanen, Yrjo A"]
[Black "Kivisto, Mikko"]
[Result "1/2-1/2"]
[WhiteElo "2385"]
[BlackElo "2355"]

1.e4 c5 2.Nf3 e6 3.d4 cxd4 4.Nxd4 a6 5.Bd3 Nf6 6.O-O Qc7 7.c4 d6 8.Nc3 Bd7
9.Be3 Nc6 10.Rc1 Nxd4 11.Bxd4 Be7 12.Re1 e5 13.Be3 O-O 14.Qb3 Be6 15.Nd5 Bxd5
16.cxd5 Qd7 17.Rc3 Rfc8 18.Rec1 Bd8 19.f3 Ne8 20.g3 h6 21.R1c2 Kf8 22.h4 Ba5
23.Rxc8 Rxc8 24.Bf2 Rxc2 25.Qxc2 Qc7 26.Qxc7 Nxc7 27.a4 Ke7 28.Kf1 Bb4 29.Ke2 a5
30.Be3 Bc5 31.Bd2 b6 32.Bc4 Ne8 33.g4 Nc7 34.b3 Kf6 35.g5+ Kg6 36.gxh6 gxh6
37.Kf1 Ne8 38.Kg2 Nf6 39.Bb5 Nh5 40.Be1 Nf4+ 41.Kg3 Bb4 42.Bf2  1/2-1/2